European Union as a specific actor of new paradigm for conflict prevention

Potenciál Európskej únii pri prevencii konfliktov.

Saved in:
Bibliographic Details
Main Author: Dubský, Zbyněk
Other Authors: Sršeň, Radim, Šlajs, Jan
Format: Book Chapter
Language:English
Subjects:
Tags: Add Tag
No Tags, Be the first to tag this record!

MARC

LEADER 00000naa a2200000 4500
001 0226891
005 20221019162935.2
041 0 |a eng 
044 |a SK 
245 1 0 |a European Union as a specific actor of new paradigm for conflict prevention  |c Zbyněk Dubský, Radim Sršeň, Jan Šlajs 
520 |a Potenciál Európskej únii pri prevencii konfliktov. 
610 2 0 |a Európska únia 
610 2 0 |a politika bezpečnostná 
610 2 0 |a konflikty 
610 2 0 |a politika zahraničná 
100 1 |a Dubský, Zbyněk 
700 1 |a Sršeň, Radim 
700 1 |a Šlajs, Jan